000 00828 a2200193 4500
003 Nust
005 20221208121231.0
010 _a 89048850
040 _cNust
082 _a530.41, MAH
100 _aMahan,Geral D
_9104452
245 _aMany Practice Physics
_cGerald D.Mahan
250 _a2nd
260 _aNew York
_bPlenum press
_c1990.
300 _axiv,1032p
505 _aIntroductory Material (Page-1), Green Functions at Zero Temperature (Page-81), Green Functions at Finite Temperature (Page-133), Exactly Solvable Models (Page-239), Electron Gas (Page-379), Electron Phonon Interaction (Page-497), DC Conductive (Page-601). Optical Properties of Solids (Page-695). Superconductivity (Page-767). Liquid Helium (Page-841), Spin Fluctuations (Page-957).
650 _aParticle physics
_9104453
942 _2ddc
_cBK
999 _c180837
_d180837